Praktická škola prodeje

Salvato in:
Dettagli Bibliografici
Autore principale: Bureš, Ivan
Natura: Libro
Lingua:ceco
Pubblicazione: Bratislava UNIAPRESS 1991
Edizione:1. vyd.
Tags: Aggiungi Tag
Nessun Tag, puoi essere il primo ad aggiungerne!!

MARC

LEADER 00000nam a2200000 4500
001 c024471
005 20250630073410.0
041 0 |a cze 
044 |a SK 
245 1 0 |a Praktická škola prodeje  |c Ivan Bureš 
250 |a 1. vyd. 
264 1 |a Bratislava  |b UNIAPRESS  |c 1991 
300 |a 62 s. 
100 1 |a Bureš, Ivan